<?xml version="1.0" encoding="UTF-8"?><?xml-stylesheet type="text/xsl" href="static/style.xsl"?><OAI-PMH xmlns="http://www.openarchives.org/OAI/2.0/" xmlns:xsi="http://www.w3.org/2001/XMLSchema-instance" xsi:schemaLocation="http://www.openarchives.org/OAI/2.0/ http://www.openarchives.org/OAI/2.0/OAI-PMH.xsd"><responseDate>2026-06-05T18:06:55Z</responseDate><request verb="GetRecord" identifier="oai:riuma.uma.es:10630/15902" metadataPrefix="marc">https://riuma.uma.es/rest/oai/request</request><GetRecord><record><header><identifier>oai:riuma.uma.es:10630/15902</identifier><datestamp>2026-02-03T11:14:29Z</datestamp><setSpec>com_10630_2254</setSpec><setSpec>col_10630_37953</setSpec></header><metadata><record xmlns="http://www.loc.gov/MARC21/slim" xmlns:dcterms="http://purl.org/dc/terms/" xmlns:doc="http://www.lyncode.com/xoai" xmlns:xsi="http://www.w3.org/2001/XMLSchema-instance" xsi:schemaLocation="http://www.loc.gov/MARC21/slim http://www.loc.gov/standards/marcxml/schema/MARC21slim.xsd">
   <leader>00925njm 22002777a 4500</leader>
   <datafield ind2=" " ind1=" " tag="042">
      <subfield code="a">dc</subfield>
   </datafield>
   <datafield ind2=" " ind1=" " tag="720">
      <subfield code="a">Krídlo, Ondrej</subfield>
      <subfield code="e">author</subfield>
   </datafield>
   <datafield ind2=" " ind1=" " tag="720">
      <subfield code="a">Ojeda-Aciego, Manuel</subfield>
      <subfield code="e">author</subfield>
   </datafield>
   <datafield ind2=" " ind1=" " tag="260">
      <subfield code="c">2018-06-04</subfield>
   </datafield>
   <datafield ind2=" " ind1=" " tag="520">
      <subfield code="a">A Hilbert space $H$ induces a formal context, the Hilbert formal context $\overline H$, whose associated concept lattice is isomorphic to the lattice of closed subspaces of $H$. This set of closed subspaces, denoted $\mathcal C(H)$,   is important in the development of quantum logic and, as an algebraic structure, corresponds to a so-called ``propositional system'', that is,  a complete, atomistic, orthomodular lattice which satisfies the covering law.&#xd;
In this paper, we continue with our study of the Chu construction by introducing the  Chu correspondences between Hilbert contexts,  and showing that the category  of Propositional Systems, PropSys,  is equivalent to the category of $\text{ChuCors}_{\mathcal H}$ of  Chu correspondences between Hilbert contexts</subfield>
   </datafield>
   <datafield ind1="8" ind2=" " tag="024">
      <subfield code="a">https://hdl.handle.net/10630/15902</subfield>
   </datafield>
   <datafield tag="653" ind2=" " ind1=" ">
      <subfield code="a">Lógica simbólica y matemática</subfield>
   </datafield>
   <datafield ind2="0" ind1="0" tag="245">
      <subfield code="a">Formal concept analysis and structures underlying quantum logics</subfield>
   </datafield>
</record>
</metadata></record></GetRecord></OAI-PMH>